Statistics for Hollywood-Inspired Film Industry Names

Click here to take the quiz!

General Stats

  • This quiz has been taken 20 times
  • The average score is 4 of 15

Answer Stats

Place...wood% Correct
MumbaiBollywood
100%
NigeriaNollywood
67%
LahoreLollywood
39%
MormonsMollywood
33%
PeruChollywood
28%
Sri LankaFollywood
22%
ChinaChinawood
17%
CanadaHollywood North
17%
TaiwanTaiwood
17%
WellingtonWellywood
17%
DhakaDhallywood
11%
Hong KongCantonwood
6%
JapanHogawood
6%
KarachiKariwood
6%
TanzaniaSwahiliwood
6%

Score Distribution

Percentile by Number Answered

Percent of People with Each Score

Your Score History

You have not taken this quiz